<?xml version="1.0" encoding="UTF-8"?><?xml-stylesheet type="text/xsl" href="static/style.xsl"?><OAI-PMH xmlns="http://www.openarchives.org/OAI/2.0/" xmlns:xsi="http://www.w3.org/2001/XMLSchema-instance" xsi:schemaLocation="http://www.openarchives.org/OAI/2.0/ http://www.openarchives.org/OAI/2.0/OAI-PMH.xsd"><responseDate>2026-06-02T10:56:07Z</responseDate><request verb="GetRecord" identifier="oai:riuma.uma.es:10630/32609" metadataPrefix="marc">https://riuma.uma.es/rest/oai/request</request><GetRecord><record><header><identifier>oai:riuma.uma.es:10630/32609</identifier><datestamp>2026-02-03T10:48:49Z</datestamp><setSpec>com_10630_2254</setSpec><setSpec>col_10630_37953</setSpec></header><metadata><record xmlns="http://www.loc.gov/MARC21/slim" xmlns:dcterms="http://purl.org/dc/terms/" xmlns:doc="http://www.lyncode.com/xoai" xmlns:xsi="http://www.w3.org/2001/XMLSchema-instance" xsi:schemaLocation="http://www.loc.gov/MARC21/slim http://www.loc.gov/standards/marcxml/schema/MARC21slim.xsd">
   <leader>00925njm 22002777a 4500</leader>
   <datafield ind2=" " ind1=" " tag="042">
      <subfield code="a">dc</subfield>
   </datafield>
   <datafield ind2=" " ind1=" " tag="720">
      <subfield code="a">Cervera-Garvi, Pablo</subfield>
      <subfield code="e">author</subfield>
   </datafield>
   <datafield ind2=" " ind1=" " tag="720">
      <subfield code="a">Galán-Hurtado, María Hermas</subfield>
      <subfield code="e">author</subfield>
   </datafield>
   <datafield ind2=" " ind1=" " tag="720">
      <subfield code="a">Marchena-Rodríguez, Ana José</subfield>
      <subfield code="e">author</subfield>
   </datafield>
   <datafield ind2=" " ind1=" " tag="720">
      <subfield code="a">Chicharro-Luna, Esther</subfield>
      <subfield code="e">author</subfield>
   </datafield>
   <datafield ind2=" " ind1=" " tag="720">
      <subfield code="a">Guerra-Marmolejo, Cristina</subfield>
      <subfield code="e">author</subfield>
   </datafield>
   <datafield ind2=" " ind1=" " tag="720">
      <subfield code="a">Díaz-Miguel, Salvador Francisco</subfield>
      <subfield code="e">author</subfield>
   </datafield>
   <datafield ind2=" " ind1=" " tag="720">
      <subfield code="a">Ortega-Ávila, Ana Belén</subfield>
      <subfield code="e">author</subfield>
   </datafield>
   <datafield ind2=" " ind1=" " tag="260">
      <subfield code="c">2023-12-29</subfield>
   </datafield>
   <datafield ind2=" " ind1=" " tag="520">
      <subfield code="a">Background: The main aim of this study is to perform a cross-cultural adaptation and validation of the Visual Analogue Scale for the Foot and Ankle (VASFA) questionnaire, creating a Spanish-language version (VASFA-Sp), and to determine the measurement properties of this instrument.&#xd;
&#xd;
Methods: VASFA was cross-culturally translated into Spanish following the guidelines of the International Society for Pharmacoeconomics and Outcomes Research (ISPOR). The study sample was composed of 228 participants who were recruited from February to May 2022. All were at least 18 years old, gave signed informed consent to take part and properly completed the Foot and Ankle Ability Measures-Sp and VASFA-Sp questionnaires. Cronbach's alpha and test/re-test reliability values were calculated. Structural validity was assessed via exploratory factor analysis.&#xd;
&#xd;
Results: The 228 patients included in the final analysis presented the following characteristics: 35.53% were male and 64.47% were female; the mean age was 35.95 (18-81) years; and the mean body mass index was 23.79. Internal consistency was excellent. The Cronbach's alpha for VASFA-Sp was 0.96 and the intraclass correlation coefficient was 0.932 (95% CI; 0.84 to 0.97). Exploratory factor analysis identified one main factor.&#xd;
&#xd;
Conclusions: VASFA-Sp is a reliable, valid and sensitive questionnaire that is suitable for measuring perceived foot and ankle function impairment in a Spanish-speaking population.</subfield>
   </datafield>
   <datafield ind1="8" ind2=" " tag="024">
      <subfield code="a">Cervera-Garvi P, Galan-Hurtado MH, Marchena-Rodriguez A, Chicharro-Luna E, Guerra-Marmolejo C, Diaz-Miguel S, Ortega-Avila AB. Transcultural Adaptation and Validation of the Spanish Version of the Visual Analogue Scale for the Foot and Ankle (VASFA). J Clin Med. 2023 Dec 29;13(1):213.</subfield>
   </datafield>
   <datafield ind1="8" ind2=" " tag="024">
      <subfield code="a">https://hdl.handle.net/10630/32609</subfield>
   </datafield>
   <datafield ind1="8" ind2=" " tag="024">
      <subfield code="a">10.3390/jcm13010213</subfield>
   </datafield>
   <datafield tag="653" ind2=" " ind1=" ">
      <subfield code="a">Pies - Lesiones y heridas - Test</subfield>
   </datafield>
   <datafield ind2="0" ind1="0" tag="245">
      <subfield code="a">Transcultural Adaptation and Validation of the Spanish Version of the Visual Analogue Scale for the Foot and Ankle (VASFA)</subfield>
   </datafield>
</record>
</metadata></record></GetRecord></OAI-PMH>